| 000 | 00420nam a2200169Ia 4500 | ||
|---|---|---|---|
| 008 | 230524s9999 xx 000 0 und d | ||
| 020 | _a8121920469 | ||
| 082 |
_a541.3 _bTHA |
||
| 100 | _aDevendra Nath Thakur | ||
| 245 | 0 | _aFundamental Concepts In Physical Chemistry | |
| 250 | _a1ST | ||
| 260 |
_aNEW DELHI _bS.Chand _c2001 |
||
| 300 | _a777 | ||
| 500 | _aQuantity Number: 7 | ||
| 650 | _aChemistry | ||
| 942 | _cBK | ||
| 999 |
_c12901 _d12901 |
||